BAILEY & LOVE'S SHORT PRACTICE OF SURGERY (Record no. 25101)

MARC details
000 -LEADER
fixed length control field 00435nam a22001697a 4500
003 - CONTROL NUMBER IDENTIFIER
control field SGT
020 ## - INTERNATIONAL STANDARD BOOK NUMBER
International Standard Book Number 9781032452494
082 ## - DEWEY DECIMAL CLASSIFICATION NUMBER
Classification number 617
Item number B23O
100 ## - MAIN ENTRY--PERSONAL NAME
Personal name O'CONNELL, P. RONAN
245 ## - TITLE STATEMENT
Title BAILEY & LOVE'S SHORT PRACTICE OF SURGERY
250 ## - EDITION STATEMENT
Edition statement 28TH
260 ## - PUBLICATION, DISTRIBUTION, ETC. (IMPRINT)
Place of publication, distribution, etc BOCA RATON UK
Name of publisher, distributor, etc CRC PRESS PUB
Year of Publication 2023
300 ## - PAGE DESCRIPTION
No. of Pages 849,1675
650 ## - SUBJECT ADDED ENTRY--TOPICAL TERM
Topical term or geographic name as entry element GENERAL SURGERY
653 ## - KEYWORDS--INDEX TERM
Keyword term BAILEY & LOVE'S SHORT PRACTICE OF SURGERY
942 ## - ADDED ENTRY ELEMENTS (KOHA)
Source of classification or shelving scheme Dewey Decimal Classification
Koha item type Books
Holdings
Withdrawn status Lost status Source of classification or shelving scheme Damaged status Not for loan Collection code Home library Current library Shelving location Date acquired Vendor Name Cost, normal purchase price Volume Information (Serial or Books or Non-Book Material) SGTU Bill Number Total Checkouts Full call number Accession No. (Barcode) Date last seen Bill Date Koha item type Date last borrowed
    Dewey Decimal Classification   Not For Loan MEDICAL SGT Medical Library SGT Medical Library Reference Book 30/09/2023 ABC DELHI 5845.00 VOL-I SGTU 17259   617 B23O FM13856 30/09/2023 18/08/2023 Books  
    Dewey Decimal Classification   Not For Loan MEDICAL SGT Medical Library SGT Medical Library Reference Book 30/09/2023 ABC DELHI 5845.00 VOL-I SGTU 17259   617 B23O FM13857 30/09/2023 18/08/2023 Books  
    Dewey Decimal Classification     MEDICAL SGT Medical Library SGT Medical Library Reference Book 30/09/2023 ABC DELHI   VOL-II SGTU 17259 6 617 B23O FM13858 02/12/2025 18/08/2023 Books 17/11/2025
    Dewey Decimal Classification   Not For Loan MEDICAL SGT Medical Library SGT Medical Library Reference Book 30/09/2023 ABC DELHI   VOL-II SGTU 17259   617 B23O FM13859 30/09/2023 18/08/2023 Books